Prvý koncert na BHS '74
| Médium: | Článok |
|---|---|
| Jazyk: | slovenčina čeština |
| Predmet: |
MARC
| LEADER | 00000nab a2200000 a 4500 | ||
|---|---|---|---|
| 001 | vtls010071681 | ||
| 003 | SK-MaSNL | ||
| 005 | 20260303210347.0 | ||
| 008 | 100304 1974 xo 000 0 slo | ||
| 015 | |a SNBRB1974 | ||
| 040 | |a SNKBUCL |b slo |c SNKBUCL |e AACR2 | ||
| 041 | 0 | |a cze | |
| 044 | |a xo |c SK | ||
| 080 | |a 78.079 |2 2001 | ||
| 245 | 0 | 0 | |a Prvý koncert na BHS '74 |c [autor] (ki) |
| 611 | 2 | 7 | |a Bratislavské hudobné slávnosti |n (10. : |d 1974 : |c Bratislava, Slovensko) |2 snkbucl |9 36190 |
| 650 | 0 | 7 | |a hudobné festivaly |2 snkbucl |9 2958 |
| 773 | 0 | |t Hlas ľudu |g (8.10.1974), s. 3 | |
| 999 | |c 2199925 |d 2201855 | ||


